000 00370pab a2200145 454500
008 180718b1984 xxu||||| |||| 00| 0 eng d
100 _aKetkar, C.M.
245 _aA major achievement in reduction of cost in livestock maintenance
260 _c1984
300 _a381-3
362 _aJune
650 _aLivestock - India
773 _aKhadi Gramodyog
909 _a12649
999 _c12649
_d12649